000 00457nam a2200169 a 4500
001 2820
003 CO-ViMGA
008 141112s2004 ck r 000 u spa d
040 _aCO-ViMGA
_bspa
_cCO-ViMGA
082 0 4 _a028.55 M657
100 1 _aMontserrat Sarto, María
_951910
245 1 0 _aLa animación a la lectura :
_bpara hacer al niño lector
260 _aMadrid :
_bS.M,
_c1984
300 _a137 p
650 1 4 _aLECTURAS - TECNICAS
942 _2ddc
_cBK
999 _c14890
_d14890